00857cam a2200217 a 4500020001500000041000800015082001500023100002600038245007000064260007000134300001900204500009100223650002000314650001400334650003800348650001300386942000700399952010800406952010800514999001700622 a8172148976 aENG a248.4bPAI1 aPainadath, Sebastian.10aWe are co-pilgrims : towards a culture of inter-religious harmony aDelhi :bIndian Society for Promoting Christian Knowledge,c2006. aviii, 122 p. ; aCompanion volume to: The spiritual journey : towards an Indian Christian spirituality. 0aChristian life. 0aTheology. 0aChristianity and other religions. 0aAshrams. cBK 00104070aHMIbHMIcGENd2020-06-09eISPCKg140.00l0o248.4 PAIp11-4398r2020-06-09w2020-06-09yBK 00104070aHMIbHMIcGENd2020-06-09eISPCKg140.00l0o248.4 PAIp11-4399r2020-06-09w2020-06-09yBK c22952d22952